| 000 | 00398nam a2200157Ia 4500 | ||
|---|---|---|---|
| 008 | 250916s9999 xx 000 0 und d | ||
| 020 | _a978-3-030-26255-6 | ||
| 082 | _a005.758 OZS | ||
| 100 | _aOzsu, M. Tamer | ||
| 245 | 0 | _aPrinciples of distributed database systems | |
| 250 | _a4th | ||
| 260 |
_aNew York: _bSpringer, _c2020 |
||
| 300 | _a674 p. | ||
| 600 | _aComputer Science | ||
| 942 | _cBK | ||
| 999 |
_c31594 _d31594 |
||